| 000 | 00861nam a22002897a 4500 | ||
|---|---|---|---|
| 003 | CHAP | ||
| 005 | 20220329135845.0 | ||
| 008 | 971013s1993 r 00010 d | ||
| 010 | _a43388 | ||
| 011 | _a44360 | ||
| 035 | _a48498 | ||
| 040 | _cCHAP | ||
| 082 |
_a006.31 _bK3 |
||
| 100 | 0 | 0 |
_aKaelbling, Leslie Pack. _962577 |
| 245 | _aLearning in embedded systems | ||
| 260 |
_aCambridge, Mass. : _bMIT, _c1993 |
||
| 300 | _a176 p. | ||
| 590 |
_aBATCH-UPD _b10 _c20130110 _lUCH01 _h1434 |
||
| 590 |
_aBATCH-UPD _b10 _c20130410 _lUCH01 _h0909 |
||
| 590 |
_aBATCH-UPD _b10 _c20130914 _lUCH01 _h1640 |
||
| 590 |
_aCONVERSION _b10 _c20130109 _lUCH01 _h1324 |
||
| 650 | 1 | 4 |
_aAlgoritmos. _94077 |
| 650 | 1 | 4 |
_aIngenierĂa de sistemas. _958218 |
| 901 | _aBK | ||
| 942 | _cLIBRO | ||
| 949 |
_a006.31 K3 _bBC _cLIBRO _d33724000009320 _eLIBRO _gI.169854 _h89209 _i48498 _si _t126.17 |
||
| 999 |
_c43388 _d43388 |
||